La cultura en la encrucijada nacional

Guardat en:
Dades bibliogràfiques
Autor principal: Sábato, Ernesto
Format: Llibre
Idioma:Undetermined
Publicat: Buenos Aires, Argentina Editorial Sudamericana 1976
Matèries:
Etiquetes: Afegir etiqueta
Sense etiquetes, Sigues el primer a etiquetar aquest registre!

MARC

LEADER 00000nam a2200000Ia 4500
008 170316s9999 xx 000 0 und d
040 |a cru BVZT 
090 |a 860 S-1c 
100 |a Sábato, Ernesto 
245 |a La cultura en la encrucijada nacional 
260 |a Buenos Aires, Argentina 
260 |b Editorial Sudamericana 
260 |c 1976 
300 |a 145 páginas 
650 |a LITERATURA LATINOAMERICANA 
650 |a ENSAYOS 
999 |c 9206  |d 9206 
942 |c 15 D  |h 860 S-1c  |2 z